000 00977pam a2200289 a 4500
999 _c8
_d8
001 4870489
003 NUST
005 20171221110109.0
008 921020s1993 enka b 001 0 eng
010 _a 92038042
040 _aDLC
_cDLC
_dDLC
050 0 0 _aTJ265
_b.E23 1993
082 0 0 _a621.4021 EAS
_220
100 1 _aEastop, T. D.
_q(Thomas D.)
_97133
245 1 0 _aApplied Thermodynamics for Engineering Technologists /
_cT.D. Eastop, A. McConkey.
250 _a5th ed.
260 _aIslamabad
_bNational Book Foundation
_c1992.
300 _axix, 735p. :
_bill. ;
_c25 cm.
500 _aP.B
504 _aIncludes bibliographical references and index.
650 0 _aThermodynamics.
_97134
700 1 _aMcConkey, A.
_q(Allan),
_d1927-
_97494
906 _a7
_bcbc
_corignew
_d1
_eocip
_f19
_gy-gencatlg
942 _2ddc
_cTEXT
_kIESE